书目信息 |
| 题名: |
中国汉画图典
|
|
| 作者: | 顾森 编著 | |
| 分册: | ||
| 出版信息: | 杭州 浙江摄影出版社 1997.08 |
|
| 页数: | 963页 | |
| 开本: | 16开 | |
| 丛书名: | ||
| 单 册: | ||
| 中图分类: | J222.34 | |
| 科图分类: | ||
| 主题词: | 绘画--中国 | |
| 电子资源: | ||
| ISBN: | 7-80536-289-0 | |
| 000 | 00543nam0 2200193 45 | |
| 001 | 0011161083 | |
| 005 | 20001115231831.0 | |
| 010 | @a7-80536-289-0@d240.00元 | |
| 100 | @a20001116d1997 km y0chiy0120 ea | |
| 101 | 0 | @achi |
| 105 | @a z 000yy | |
| 200 | 1 | @a中国汉画图典@AZhong Guo Han Hua Tu Dian@f顾森编著@FGu Sen Bian Zhu |
| 210 | @a杭州@c浙江摄影出版社@d1997.08 | |
| 215 | @a963页@d16开 | |
| 606 | 0 | @a绘画@x中国 |
| 690 | @aJ222.34@v3 | |
| 701 | 0 | @a顾森@4编著 |
| 801 | @aCN@bPftUser@c20001116 | |
| 905 | @b408939-940@dJ222.34@eG.226@f2 | |
| 中国汉画图典/顾森编著.-杭州:浙江摄影出版社,1997.08 |
| 963页;16开 |
| ISBN 7-80536-289-0:240.00元 |
| ● |
| 相关链接 |
|
|
|
正题名:中国汉画图典
索取号:J222.34/G.226
 
预约/预借
| 序号 | 登录号 | 条形码 | 馆藏地/架位号 | 状态 | 备注 |
| 1 | 408939 | 204089397 | 社科库309/309社科库 75排1列1层/ [索取号:J222.34/G.226] | 在馆 | |
| 2 | 408940 | 204089404 | 社科库309/309社科库 75排1列1层/ [索取号:J222.34/G.226] | 在馆 |